[Event "CZE-ch blitz"]
[Site "Prague"]
[Date "2019.12.21"]
[Round "2"]
[White "Navara, David"]
[Black "Krupicka, Josef"]
[Result "1-0"]
[WhiteElo "2707"]
[BlackElo "2066"]
[PlyCount "51"]
[EventDate "2019.12.21"]
[EventType "swiss (blitz)"]
[EventRounds "15"]
[EventCountry "CZE"]
[SourceTitle "CBM 193 Extra"]
[Source "ChessBase"]
[SourceDate "2020.01.31"]
[SourceVersion "1"]
[SourceVersionDate "2020.01.31"]
[SourceQuality "1"]

1. d4 d5 2. c4 e6 3. Nc3 Nf6 4. cxd5 exd5 5. Bg5 Be7 6. e3 0-0 7. Bd3 c6 8. Qc2 Nbd7 9. Nge2 Re8 10. 0-0 Nf8 11. f3 c5 12. Kh1 c4 13. Bf5 a6 14. Bxc8 Rxc8 15. Nf4 b5 16. Bxf6 Bxf6 17. Nfxd5 g6 18. Nxf6+ Qxf6 19. Rfe1 Ne6 20. a4 Rb8 21. axb5 axb5 22. Qd2 Qg5 23. Ne4 Qh4 24. d5 Nd8 25. Qd4 f5 26. Nf6+ 1-0

[Event "Prague Summer op-A 5th"]
[Site "Prague"]
[Date "2018.08.09"]
[Round "8"]
[White "Hrdina, Robin"]
[Black "Krupicka, Josef"]
[Result "1-0"]
[WhiteElo "2219"]
[BlackElo "2059"]
[PlyCount "81"]
[EventDate "2018.08.03"]
[EventType "swiss"]
[EventRounds "9"]
[EventCountry "CZE"]
[SourceTitle "CBM 185 Extra"]
[Source "ChessBase"]
[SourceDate "2018.07.29"]
[SourceVersion "1"]
[SourceVersionDate "2018.07.29"]
[SourceQuality "1"]

1. b3 d5 2. Bb2 Nf6 3. e3 Bf5 4. Be2 e6 5. f4 Be7 6. Nf3 h6 7. Ne5 0-0 8. 0-0 Nbd7 9. Bf3 Bh7 10. d3 c6 11. Qe2 Qb6 12. Kh1 Rad8 13. Nd2 a5 14. a4 Nc5 15. g3 Nfd7 16. Bg2 Nxe5 17. fxe5 Na6 18. Nf3 Nb4 19. Ne1 c5 20. Rb1 Rd7 21. d4 Rc7 22. Rc1 c4 23. bxc4 Rxc4 24. Nd3 Rfc8 25. Qf3 Bg6 26. Nf4 Be4 27. Qf2 Rxc2 28. Bxe4 dxe4 29. Nd5 exd5 30. Qxf7+ Kh7 31. Qxe7 Rxc1 32. Bxc1 Nd3 33. Ba3 Rc2 34. Qf7 Nb4 35. e6 Rc8 36. Qf5+ Kh8 37. e7 Rg8 38. Qf7 Qc6 39. Qxg8+ Kxg8 40. Rf8+ Kh7 41. e8Q 1-0

[Event "Prague Summer op-A 5th"]
[Site "Prague"]
[Date "2018.08.07"]
[Round "6"]
[White "Yandarbiev, Ruslan"]
[Black "Krupicka, Josef"]
[Result "1-0"]
[WhiteElo "2314"]
[BlackElo "2059"]
[PlyCount "43"]
[EventDate "2018.08.03"]
[EventType "swiss"]
[EventRounds "9"]
[EventCountry "CZE"]
[SourceTitle "CBM 185 Extra"]
[Source "ChessBase"]
[SourceDate "2018.07.29"]
[SourceVersion "1"]
[SourceVersionDate "2018.07.29"]
[SourceQuality "1"]

1. e4 c6 2. d4 d5 3. e5 Bf5 4. Nf3 e6 5. Be2 Nd7 6. 0-0 h6 7. Nbd2 Ne7 8. Nb3 g5 9. Ne1 Rg8 10. a4 a5 11. Nd3 Qc7 12. Bd2 Ng6 13. Rc1 f6 14. Re1 fxe5 15. Nxe5 Ngxe5 16. dxe5 c5 17. Bh5+ Kd8 18. Bg4 Be7 19. Bxf5 exf5 20. Bxa5 Rxa5 21. Qxd5 Rg6 22. Nxa5 1-0

[Event "CZE-chT2A 1718"]
[Site "Czech Republic"]
[Date "2017.11.19"]
[Round "3.6"]
[White "Fric, Pavel"]
[Black "Krupicka, Josef"]
[Result "1-0"]
[WhiteElo "2052"]
[BlackElo "2070"]
[PlyCount "83"]
[EventDate "2017.10.15"]
[EventType "team-tourn"]
[EventRounds "11"]
[EventCountry "CZE"]
[SourceTitle "EXT 2022"]
[Source "ChessBase"]
[SourceDate "2021.10.06"]
[SourceVersion "1"]
[SourceVersionDate "2021.10.06"]
[SourceQuality "1"]
[WhiteTeam "Karlovy Vary Tietz"]
[BlackTeam "Praha Smichov"]
[WhiteTeamCountry "CZE"]
[BlackTeamCountry "CZE"]

1. d4 Nf6 2. c4 g6 3. f3 d5 4. cxd5 Nxd5 5. e4 Nb6 6. Be3 Bg7 7. Nc3 0-0 8. Qd2 Nc6 9. 0-0-0 e5 10. d5 Nd4 11. Nb5 Nxb5 12. Bxb5 Bd7 13. Be2 c6 14. d6 Be6 15. Kb1 Qd7 16. g4 Rfd8 17. Nh3 f6 18. f4 Bxg4 19. Nf2 Be6 20. fxe5 fxe5 21. Bg5 Rf8 22. Be7 Rxf2 23. Qe3 Rf7 24. h4 Nc8 25. Bg5 Nxd6 26. h5 Qc7 27. hxg6 hxg6 28. Bh6 Nxe4 29. Bxg7 Rxg7 30. Rdf1 Rf8 31. Qxe4 Bf5 32. Bc4+ Rff7 33. Rxf5 gxf5 34. Qxf5 b5 35. Bxf7+ Rxf7 36. Qg6+ Kf8 37. Qg5 Rg7 38. Rh8+ Kf7 39. Qf5+ Ke7 40. Rh6 Rf7 41. Qe6+ Kf8 42. Rh8+ 1-0

[Event "CZE-chT U20 Extraliga West 1415"]
[Site "Czech Republic"]
[Date "2015.01.24"]
[Round "7.2"]
[White "Havelka, Josef"]
[Black "Krupicka, Josef"]
[Result "1-0"]
[WhiteElo "2085"]
[BlackElo "1985"]
[PlyCount "115"]
[EventDate "2014.10.11"]
[EventType "team-tourn"]
[EventRounds "11"]
[EventCountry "CZE"]
[SourceTitle "EXT 2021"]
[Source "ChessBase"]
[SourceDate "2020.10.23"]
[SourceVersion "1"]
[SourceVersionDate "2020.10.23"]
[SourceQuality "1"]
[WhiteTeam "Praha Bohemians (U20)"]
[BlackTeam "Bustehrad (U20)"]
[WhiteTeamCountry "CZE"]
[BlackTeamCountry "CZE"]

1. e4 c6 2. d4 d5 3. e5 Bf5 4. h4 h5 5. c4 e6 6. Nc3 Nd7 7. Nge2 Ne7 8. Ng3 g6 9. Bg5 Qb6 10. Qd2 dxc4 11. Bxc4 0-0-0 12. f4 Kb8 13. 0-0 Nxe5 14. fxe5 Rxd4 15. Na4 Rxd2+ 16. Nxb6 Rd8 17. Bf6 Rg8 18. Nxf5 Nxf5 19. Na4 Rd4 20. Bb3 b5 21. Nc3 Bc5 22. Kh2 g5 23. Rxf5 Rxh4+ 24. Kg3 exf5 25. Bxf7 Rf4 26. Nd1 h4+ 27. Kh2 Rf8 28. Rc1 Rxf7 29. Rxc5 Rd4 30. Ne3 f4 31. Ng4 Rd2 32. e6 Rf8 33. e7 Re8 34. Ne5 g4 35. Nxc6+ Kb7 36. Nd8+ Ka6 37. Rc6+ Ka5 38. Bc3+ b4 39. Bxd2 Rxe7 40. Bxf4 Re2 41. Ne6 Rxb2 42. Bc7+ Ka4 43. Nd4 b3 44. axb3+ Ka3 45. Bd6+ Ka2 46. Ra6+ Kb1 47. Kg1 Rd2 48. Bc5 g3 49. Kf1 Rf2+ 50. Kg1 Rd2 51. Rf6 Kb2 52. Bxa7 Kc3 53. Bc5 Rb2 54. Rf3+ Kd2 55. b4 Kc1 56. Rb3 Rf2 57. Rc3+ Kd2 58. Rc2+ 1-0

[Event "Prague Summer op 1st"]
[Site "Prague"]
[Date "2014.08.15"]
[Round "8"]
[White "Maes, Wim"]
[Black "Krupicka, Josef"]
[Result "1-0"]
[WhiteElo "2239"]
[BlackElo "1917"]
[PlyCount "69"]
[EventDate "2014.08.09"]
[EventType "swiss"]
[EventRounds "9"]
[EventCountry "CZE"]
[SourceTitle "CBM 162 Extra"]
[Source "ChessBase"]
[SourceDate "2014.10.17"]
[SourceVersion "1"]
[SourceVersionDate "2014.10.17"]
[SourceQuality "1"]

1. Nf3 d5 2. g3 Nf6 3. Bg2 c6 4. 0-0 Bf5 5. d3 h6 6. b3 e6 7. Bb2 Be7 8. Nbd2 0-0 9. Ne5 Nbd7 10. e4 dxe4 11. dxe4 Bh7 12. Nd3 Qc7 13. Qe2 Rad8 14. Rad1 a5 15. Kh1 Ne8 16. f4 Nc5 17. Nf2 Bf6 18. e5 Be7 19. Nde4 Qb6 20. Rxd8 Qxd8 21. Rd1 Qb6 22. Bd4 Qa6 23. Qxa6 Nxa6 24. Bb6 Ba3 25. Bxa5 Nb4 26. c4 Bxe4 27. Nxe4 f6 28. Bh3 f5 29. Nc5 b5 30. Nxe6 Rf7 31. Nd8 Rf8 32. Bxb4 Bxb4 33. Nxc6 Bc5 34. cxb5 Nc7 35. a4 1-0

[Event "Czech Fed-ch U16"]
[Site "Hrdonov"]
[Date "2013.10.27"]
[Round "2"]
[White "Sadil, Jan"]
[Black "Krupicka, Josef"]
[Result "1-0"]
[WhiteElo "1663"]
[BlackElo "1901"]
[PlyCount "137"]
[EventDate "2013.10.26"]
[EventType "swiss"]
[EventRounds "9"]
[EventCountry "CZE"]
[SourceTitle "EXT 2016"]
[Source "ChessBase"]
[SourceDate "2015.10.08"]
[SourceVersion "1"]
[SourceVersionDate "2015.10.08"]
[SourceQuality "1"]

1. e4 c6 2. d4 d5 3. exd5 cxd5 4. Bd3 Nc6 5. c3 Nf6 6. Bf4 g6 7. Nd2 Bg7 8. Ngf3 0-0 9. 0-0 Nh5 10. Bg3 Nxg3 11. hxg3 Qd6 12. Re1 Bg4 13. Qb3 Rab8 14. a4 e5 15. dxe5 Nxe5 16. Bf1 Nc6 17. Rac1 b6 18. Bb5 Rbc8 19. Rcd1 Qc5 20. Rc1 Bf5 21. Bxc6 Qxc6 22. Qb4 a5 23. Qb3 Qc5 24. Qd1 Bg4 25. Nb3 Qd6 26. Nbd4 Bxd4 27. Qxd4 Rc4 28. Qe5 Qc6 29. Nd4 Qd7 30. f3 Bf5 31. g4 Be6 32. Nxe6 fxe6 33. Qxe6+ Qxe6 34. Rxe6 Rb8 35. Rd1 Rxa4 36. Rxd5 Rb7 37. Rb5 Ra1+ 38. Kf2 Rb1 39. Rexb6 Rxb6 40. Rxb6 a4 41. Rb4 Rc1 42. Rxa4 Rc2+ 43. Kg3 Rxb2 44. c4 Rc2 45. Ra8+ Kg7 46. Rc8 g5 47. c5 h6 48. c6 Kh7 49. Kh2 Rc1 50. c7 Kg7 51. g3 Rc2+ 52. Kg1 Rc3 53. Kf2 Rc4 54. Ke3 Kh7 55. Kd3 Rc1 56. Ke4 Rc4+ 57. Kd5 Rc1 58. f4 Rd1+ 59. Ke6 Re1+ 60. Kf5 Rc1 61. fxg5 Rc5+ 62. Ke6 Rc1 63. gxh6 Re1+ 64. Kf5 Rf1+ 65. Ke4 Re1+ 66. Kd3 Rc1 67. g5 Rc6 68. g6+ Rxg6 69. Rd8 1-0

[Event "Czech Fed-ch U16"]
[Site "Hrdonov"]
[Date "2013.10.26"]
[Round "1"]
[White "Krupicka, Josef"]
[Black "Novotna, Barbora"]
[Result "1-0"]
[WhiteElo "1901"]
[BlackElo "1565"]
[PlyCount "81"]
[EventDate "2013.10.26"]
[EventType "swiss"]
[EventRounds "9"]
[EventCountry "CZE"]
[SourceTitle "EXT 2016"]
[Source "ChessBase"]
[SourceDate "2015.10.08"]
[SourceVersion "1"]
[SourceVersionDate "2015.10.08"]
[SourceQuality "1"]

1. d4 d5 2. Nf3 Nf6 3. Bf4 e6 4. e3 Nbd7 5. h3 Be7 6. c4 0-0 7. Nc3 a6 8. c5 c6 9. b4 b6 10. Bd3 a5 11. a3 Ba6 12. Bxa6 Rxa6 13. b5 cxb5 14. c6 Qc8 15. Nxb5 Qxc6 16. Qd3 Qc4 17. Ke2 Rc8 18. Nd2 Qxd3+ 19. Kxd3 Ne8 20. Rhc1 Raa8 21. Nf3 f6 22. g4 e5 23. dxe5 Nc5+ 24. Ke2 Nb3 25. Rxc8 Rxc8 26. Rd1 Rc2+ 27. Kf1 fxe5 28. Bxe5 Rc5 29. Nc3 Nc7 30. Bxc7 Rxc3 31. Bxb6 Bxa3 32. Rxd5 Rc1+ 33. Kg2 Bc5 34. Ng5 Bxb6 35. Rb5 Bd8 36. Rb8 Rd1 37. Ne6 Kf7 38. Nxd8+ Kf6 39. Rb6+ Ke7 40. Nc6+ Kd7 41. Ne5+ 1-0

[Event "CZE-ch U16"]
[Site "Kouty nad Desnou"]
[Date "2013.03.14"]
[Round "7"]
[White "Krupicka, Josef"]
[Black "Kratochvil, Vit"]
[Result "0-1"]
[WhiteElo "1862"]
[BlackElo "1933"]
[PlyCount "100"]
[EventDate "2013.03.09"]
[EventType "swiss"]
[EventRounds "9"]
[EventCountry "CZE"]
[SourceTitle "EXT 2015"]
[Source "ChessBase"]
[SourceDate "2014.11.20"]
[SourceVersion "1"]
[SourceVersionDate "2014.11.20"]
[SourceQuality "1"]

1. d4 Nf6 2. g3 g6 3. Bg2 Bg7 4. e4 d6 5. Ne2 Nbd7 6. 0-0 c5 7. c3 0-0 8. b3 Rb8 9. Nd2 b5 10. Bb2 Qc7 11. c4 bxc4 12. Nxc4 Nb6 13. Rc1 Nxc4 14. Rxc4 Ba6 15. Rc2 Rfc8 16. dxc5 dxc5 17. Qc1 Bd3 18. Rd2 c4 19. bxc4 Qxc4 20. Qxc4 Bxc4 21. a3 Nxe4 22. Bxe4 Rxb2 23. Rxb2 Bxb2 24. Re1 Bxa3 25. Nd4 Bc5 26. Nc6 Bb5 27. Ne5 Bd6 28. Nd3 Rc3 29. Nb2 a6 30. Bd5 Rc2 31. Nd1 Rc1 32. Kg2 Bb4 33. Rg1 a5 34. Ne3 Rxg1+ 35. Kxg1 e6 36. Ba2 Kf8 37. Ng4 Ke7 38. Kg2 h5 39. Ne5 Bc3 40. Nc4 Kd7 41. Ne3 Kc6 42. g4 hxg4 43. Nxg4 Kc5 44. Ne3 Bd3 45. Kf3 a4 46. Nd1 Bd4 47. h4 Kb4 48. Ne3 Ka3 49. Bc4 Bxc4 50. Nxc4+ Kb4 0-1

[Event "CZE-ch U16"]
[Site "Kouty nad Desnou"]
[Date "2013.03.12"]
[Round "4"]
[White "Krupicka, Josef"]
[Black "Petr, Jan"]
[Result "0-1"]
[WhiteElo "1862"]
[BlackElo "2033"]
[PlyCount "56"]
[EventDate "2013.03.09"]
[EventType "swiss"]
[EventRounds "9"]
[EventCountry "CZE"]
[SourceTitle "EXT 2015"]
[Source "ChessBase"]
[SourceDate "2014.11.20"]
[SourceVersion "1"]
[SourceVersionDate "2014.11.20"]
[SourceQuality "1"]

1. d4 Nf6 2. Nf3 c5 3. c3 e6 4. Bf4 Nc6 5. e3 d5 6. Nbd2 Nh5 7. Bg5 Qb6 8. Rb1 h6 9. Bh4 g5 10. Bg3 Nxg3 11. hxg3 Bg7 12. Bd3 Bd7 13. 0-0 0-0-0 14. dxc5 Qxc5 15. e4 dxe4 16. Nxe4 Qe7 17. Qc2 f5 18. Ned2 Qf6 19. Nd4 Kb8 20. N2f3 h5 21. Qd2 e5 22. Nxc6+ Bxc6 23. Qxg5 Rxd3 24. Qxf6 Bxf6 25. Ne1 Rd2 26. Nf3 Bxf3 27. gxf3 Rhd8 28. Kg2 h4 0-1

[Event "CZE-ch U16"]
[Site "Kouty nad Desnou"]
[Date "2013.03.10"]
[Round "2"]
[White "Krupicka, Josef"]
[Black "Blahynka, Martin"]
[Result "1/2-1/2"]
[WhiteElo "1862"]
[BlackElo "2152"]
[PlyCount "109"]
[EventDate "2013.03.09"]
[EventType "swiss"]
[EventRounds "9"]
[EventCountry "CZE"]
[SourceTitle "EXT 2015"]
[Source "ChessBase"]
[SourceDate "2014.11.20"]
[SourceVersion "1"]
[SourceVersionDate "2014.11.20"]
[SourceQuality "1"]

1. d4 Nf6 2. Nf3 c5 3. c3 e6 4. Bf4 cxd4 5. cxd4 Qb6 6. Qc2 Nc6 7. e3 Nb4 8. Qc1 Qa5 9. Nbd2 b6 10. a3 Nbd5 11. Bg3 Ba6 12. Bxa6 Qxa6 13. Qc4 Qxc4 14. Nxc4 Ne4 15. Bh4 Be7 16. Bxe7 Kxe7 17. 0-0 Rhc8 18. Rfc1 Rc7 19. Nce5 Rac8 20. Nd3 f5 21. h4 Rxc1+ 22. Rxc1 Rxc1+ 23. Nxc1 f4 24. exf4 Nxf4 25. Ne5 Kd6 26. f3 Ng3 27. Kf2 Nf5 28. g3 Nh5 29. g4 Nxd4 30. Nxd7 Kxd7 31. gxh5 Nf5 32. Ne2 Kd6 33. Nc3 Ke5 34. Nb5 a5 35. Nc7 Nxh4 36. Na8 Kf4 37. Nxb6 Nxf3 38. Nc4 Ne5 39. Nxa5 Nd3+ 40. Ke2 Nxb2 41. Nb7 Na4 42. Nd8 Kf5 43. Kf3 g5 44. hxg6 hxg6 45. Nc6 Nc5 46. Nd4+ Kf6 47. Ne2 Na4 48. Ke4 g5 49. Ng3 Nb2 50. Nh5+ Kf7 51. Ng3 Ke7 52. Kd4 Kf6 53. Ne4+ Kf5 54. Nxg5 e5+ 55. Kd5 1/2-1/2

[Event "Czech Fed-ch U16"]
[Site "Hrdonov"]
[Date "2012.10.20"]
[Round "1"]
[White "Krupicka, Josef"]
[Black "Stastny, Miroslav"]
[Result "1-0"]
[WhiteElo "1869"]
[BlackElo "1503"]
[PlyCount "49"]
[EventDate "2012.10.20"]
[EventType "swiss"]
[EventRounds "9"]
[EventCountry "CZE"]
[SourceTitle "CBM 151 Extra"]
[Source "ChessBase"]
[SourceDate "2012.12.18"]
[SourceVersion "1"]
[SourceVersionDate "2012.12.18"]
[SourceQuality "1"]

1. d4 Nf6 2. Nf3 g6 3. Bf4 Bg7 4. e3 0-0 5. Be2 d6 6. h3 Bf5 7. 0-0 Nc6 8. c3 a6 9. Nbd2 Qd7 10. Bg5 Ne4 11. Nxe4 Bxe4 12. Nd2 Qf5 13. Nxe4 Qxe4 14. Bd3 Qd5 15. h4 e5 16. e4 Qa5 17. d5 Na7 18. a3 c6 19. b4 Qc7 20. c4 b5 21. Rc1 bxc4 22. Bxc4 Qb7 23. dxc6 Nxc6 24. Bd5 Rac8 25. Qa4 1-0

[Event "Prague Holiday K21"]
[Site "Prague"]
[Date "2012.07.23"]
[Round "3"]
[White "Krupicka, Josef"]
[Black "Powierski, Christian"]
[Result "1/2-1/2"]
[WhiteElo "1879"]
[BlackElo "1953"]
[PlyCount "40"]
[EventDate "2012.07.22"]
[EventType "tourn"]
[EventRounds "9"]
[EventCountry "CZE"]
[SourceTitle "EXT 2023"]
[Source "ChessBase"]
[SourceDate "2022.10.05"]
[SourceVersion "1"]
[SourceVersionDate "2022.10.05"]
[SourceQuality "1"]

1. d4 Nf6 2. Nf3 d5 3. Bf4 c5 4. e3 Nc6 5. c3 Qb6 6. Qc1 Bf5 7. Nbd2 e6 8. h3 Be7 9. Be2 h6 10. 0-0 0-0 11. dxc5 Bxc5 12. b4 Be7 13. Qb2 Rae8 14. a3 Nd7 15. Qa2 Bf6 16. Rac1 Nde5 17. c4 Nd3 18. Bxd3 Bxd3 19. Rfd1 Be2 20. Re1 Bxc4 1/2-1/2